Statistics for Progressively Harder US Geography on a Map

Click here to take the quiz!

General Stats

  • This quiz has been taken 7,499 times
  • The average score is 41 of 100

Answers on the Map

Answers color-coded by a green-red scale on the quiz's map according to % correct below.
 

Answer Stats

%Place% Correct
99%Mississippi River
99%
98%Los Angeles
98%
100%New York City
98%
96%Texas
95%
95%Miami
94%
93%Atlantic Ocean
90%
88%Alaska
89%
97%Puerto Rico
88%
91%Atlanta
87%
92%Lake Michigan
87%
85%Gulf of Mexico
86%
90%Phoenix
86%
83%Alabama
84%
86%Oklahoma City
83%
89%Rocky Mountains
82%
87%Missouri River
80%
77%Idaho
79%
81%Kansas City
75%
70%Tennessee
75%
94%Yellowstone
72%
73%Hawai'i
71%
64%Nebraska
70%
68%Appalachian Mountains
69%
60%Connecticut
69%
75%Albany
68%
74%Ohio River
68%
79%Great Salt Lake
67%
72%Hudson River
62%
82%Lake Ontario
62%
65%Baton Rouge
61%
78%Mount Rushmore
60%
58%Des Moines
58%
62%District of Columbia
58%
80%Everglades
53%
76%Grand Canyon
52%
40%Long Island
52%
63%Colorado Springs
50%
84%Yosemite
50%
67%Aleutian Islands
47%
49%Arkansas River
42%
69%Puget Sound
42%
42%San Francisco Bay
42%
61%Death Valley
41%
59%Lake Tahoe
41%
37%Upper Peninsula
40%
71%Orange County
39%
51%Spokane
39%
54%Mount Saint Helens
38%
52%Cape Cod
37%
46%Gulf of Alaska
37%
53%Knoxville
36%
47%Mojave
35%
48%Mount Rainier
35%
55%Grand Rapids
34%
41%Flagstaff
32%
45%Columbia River
31%
31%Duluth
31%
44%Durham
31%
28%Cascade Mountains
29%
66%Glacier
29%
35%Mauna Loa
28%
32%Snake River
26%
27%Sioux City
23%
36%McAllen
22%
38%Navajo County
22%
50%Outer Banks
22%
56%Badlands
21%
16%Gulf of Maine
21%
39%Mount Whitney
21%
30%Las Cruces
20%
43%Crater Lake
19%
34%Lake Okeechobee
19%
25%Mount Washington
19%
29%Lake Mead
17%
24%Platte River
16%
23%Lake of the Woods
15%
33%Isle Royale
14%
57%Harris County
12%
22%Mount Shasta
12%
17%Lake Saint Clair
11%
21%Wheeling
11%
14%Fort Smith
10%
15%Door Peninsula
9%
26%Duval County
9%
18%Bloomington
8%
9%Hattiesburg
8%
13%Wabash River
8%
8%James River
7%
19%Brook's Range
6%
12%Lake Winnebago
6%
20%Loving County
6%
11%Grand Forks County
5%
7%Rock Hill
5%
6%St. John's River
4%
4%Hunterdon County
3%
10%Klamath Mountains
3%
5%Iliamna Lake
2%
3%Lexington Park
2%
2%Pemiscot County
2%
1%Pottstown
2%

Score Distribution

Percentile by Number Answered

Percent of People with Each Score

Your Score History

You have not taken this quiz